The edge of reason (Record no. 17786)

MARC details
000 -LEADER
fixed length control field 00533nam a2200169Ia 4500
003 - CONTROL NUMBER IDENTIFIER
control field IN-BaIIA
008 - FIXED-LENGTH DATA ELEMENTS--GENERAL INFORMATION
fixed length control field 211028s9999 xx 000 0 eng d
020 ## - INTERNATIONAL STANDARD BOOK NUMBER
International Standard Book Number 978-0-143-06670-5
040 ## - CATALOGING SOURCE
Transcribing agency IIA Library
080 ## - UNIVERSAL DECIMAL CLASSIFICATION NUMBER
Universal Decimal Classification number 524.9:82-31
Item number ANA
100 ## - MAIN ENTRY--PERSONAL NAME
Personal name Ananthaswamy, Anil
9 (RLIN) 33756
245 #4 - TITLE STATEMENT
Title The edge of reason
Remainder of title dispatches from the frontiers of cosmology
Statement of responsibility, etc. Anil Ananthaswamy
260 ## - PUBLICATION, DISTRIBUTION, ETC.
Place of publication, distribution, etc. New Delhi
Name of publisher, distributor, etc. Penguin Books
Date of publication, distribution, etc. 2010
300 ## - PHYSICAL DESCRIPTION
Extent 322p.
650 ## - SUBJECT ADDED ENTRY--TOPICAL TERM
Topical term or geographic name entry element Cosmology-Novel
9 (RLIN) 33757
942 ## - ADDED ENTRY ELEMENTS (KOHA)
Koha item type Books
Holdings
Withdrawn status Lost status Damaged status Not for loan Home library Current library Shelving location Date acquired Source of acquisition Cost, normal purchase price Total Checkouts Full call number Barcode Date last seen Cost, replacement price Price effective from Koha item type Purchase Price
        IIA Library-Bangalore IIA Library-Bangalore General Stacks 16/09/2010 ANJ 1876.52   524.9:82-31/ ANA 18708 05/11/2021 1876.52 16/09/2010 Books Rs. 1876.52

Powered by Koha